000 00905cam a2200229 4500
001 WB3705-10
008 000000n2001 000 0 eng u
035 _a(Sirsi) u110688
245 _aRetail rents grow in Europe
260 _c2001
490 _aRetail Week
_v26 January 2001, 21(1)
520 _aWhile shop rents are slowing in the UK, a study by Healey and Baker has found that retail rents in Europe have grown faster than in any other property sector in the past decade, and the rate of growth is accelerating. Includes a table detailing rental growth rates from October 1999 to September 2000 in 16 European countries.
590 _aWB
650 _aRETAIL RENTS
650 _aHEALEY & BAKER
650 _aYIELDS
650 _aEUROPE
650 _aRETAIL WAREHOUSES
650 _aSHOPPING CENTRES
690 _aPROPERTY-COMMERCIAL PROPERTY-COMMERCIAL PROPERTY MARKET
942 _n0
999 _c65962
_d65962